Hlavné nedostatky pri uplatňovaní manažérskych systémov
Pokračovanie článku z predchádzajúceho čísla o nezhodách a chybách v praxi manažérskych systémov. Proces vzdelávania ľudí vo firmách. Kvalifikačná úroveň a praktické zručnosti. Plynulosť a kvalita prevádzky alebo poskytovanej služby. Príklady.
Gespeichert in:
| 1. Verfasser: | |
|---|---|
| Format: | Buchkapitel |
| Sprache: | Slowakisch |
| Schlagworte: | |
| Tags: |
Keine Tags, Fügen Sie das erste Tag hinzu!
|
MARC
| LEADER | 00000naa a2200000 4500 | ||
|---|---|---|---|
| 001 | 0208313 | ||
| 005 | 20231012072756.2 | ||
| 041 | 0 | |a slo | |
| 044 | |a SK | ||
| 245 | 1 | 0 | |a Hlavné nedostatky pri uplatňovaní manažérskych systémov |c Mikuláš Čollák |
| 520 | |a Pokračovanie článku z predchádzajúceho čísla o nezhodách a chybách v praxi manažérskych systémov. Proces vzdelávania ľudí vo firmách. Kvalifikačná úroveň a praktické zručnosti. Plynulosť a kvalita prevádzky alebo poskytovanej služby. Príklady. | ||
| 610 | 2 | 0 | |a manažment |
| 610 | 2 | 0 | |a manažéri |
| 610 | 2 | 0 | |a systémy riadenia |
| 610 | 2 | 0 | |a riadenie kvality |
| 610 | 2 | 0 | |a riadenie procesné |
| 610 | 2 | 0 | |a vzdelávanie ďalšie |
| 610 | 2 | 0 | |a firmy |
| 610 | 2 | 0 | |a zodpovednosť spoločenská |
| 100 | 1 | |a Čollák, Mikuláš | |